000 00327nam a22001337a 4500
008 170816b xxu||||| |||| 00| 0 eng d
020 _a9781584883043
041 _aeng
080 _a51
100 _a36
101 _aMAT
245 _aWAVELETS AND MULTIVALETS STUDIES ADVANCES D MATHEMATICAL
_cKEINERT.F
942 _2udc
_cBK
999 _c23667
_d23667